000 00745nam a2200193 a 4500
001 000005806
005 20240229073943.0
008 090824s1978 dr 001 0 spa d
040 _aDO-SdBNP
_bspa
_cBNPHU
082 _a344.093
_bL514d
245 0 0 _aLegislación dominicana sobre museos y protección del patrimonio cultural 1870-1977 /
_ccompilación Plinio Pina P. ; edición José Chez Checo.
260 _aSanto Domingo :
_bMuseo del Hombre Dominicano,
_c1978.
300 _a136 p. ;
_c20 cm.
490 1 _aCatálogos y memorias
_v5
650 4 _aMuseos
_xLegislación
_zRepública Dominicana
_916419
700 1 _aPina P. , Plinio
_ecomp.
_916420
700 1 _aChez Checo, José,
_d1949-
_eed.
_910145
830 0 _aCatálogos y memorias
_n5
_916421
999 _c5602
_d5602